[Event "Zuerich op-B 41st"]
[Site "Zuerich"]
[Date "2017.12.27"]
[Round "2"]
[White "Bhunjun, Reto"]
[Black "Tamrazyan, Gohar"]
[Result "0-1"]
[WhiteElo "1976"]
[BlackElo "1830"]
[PlyCount "78"]
[EventDate "2017.12.26"]
[EventType "swiss"]
[EventRounds "7"]
[EventCountry "SUI"]
[SourceTitle "CBM 182 Extra"]
[Source "ChessBase"]
[SourceDate "2018.02.23"]
[SourceVersion "1"]
[SourceVersionDate "2018.02.23"]
[SourceQuality "1"]

1. e4 c5 2. c3 Nf6 3. e5 Nd5 4. d4 cxd4 5. Nf3 e6 6. cxd4 b6 7. Nc3 Nxc3 8. bxc3 Qc7 9. Bd2 Bb7 10. Bd3 d6 11. 0-0 Nd7 12. Re1 dxe5 13. Nxe5 Nxe5 14. Rxe5 Bd6 15. Rh5 g6 16. Rh3 0-0 17. Rb1 Bd5 18. a4 e5 19. Bh6 Rfe8 20. Bb5 Red8 21. Bg5 Be7 22. Bxe7 Qxe7 23. Re3 Qg5 24. Rg3 Qf6 25. dxe5 Qxe5 26. Re3 Qg5 27. Rg3 Qe7 28. Re3 Qc7 29. Qe2 Be6 30. h4 h5 31. Rxe6 fxe6 32. Qe4 Kg7 33. Bd3 Qf7 34. Rb5 Rd5 35. Rxd5 exd5 36. Qe5+ Qf6 37. Qxd5 Rf8 38. Qe4 Qxf2+ 39. Kh2 Qf4+ 0-1

[Event "Zuerich op-B 40th"]
[Site "Zuerich"]
[Date "2016.12.27"]
[Round "3"]
[White "Adzic, Anna"]
[Black "Bhunjun, Reto"]
[Result "0-1"]
[WhiteElo "1843"]
[BlackElo "1932"]
[PlyCount "70"]
[EventDate "2016.12.26"]
[EventType "swiss"]
[EventRounds "7"]
[EventCountry "SUI"]
[SourceTitle "EXT 2019"]
[Source "ChessBase"]
[SourceDate "2018.10.10"]
[SourceVersion "1"]
[SourceVersionDate "2018.10.10"]
[SourceQuality "1"]

1. e4 e5 2. Nf3 Nc6 3. Bc4 Bc5 4. d3 Nf6 5. c3 0-0 6. 0-0 d6 7. a4 a6 8. Bg5 Bg4 9. h3 Be6 10. Nbd2 h6 11. Bh4 g5 12. Bg3 Nh5 13. Kh2 Qf6 14. Ng1 Nf4 15. Qf3 Qg7 16. Bxf4 gxf4 17. Ne2 Qg5 18. g3 fxg3+ 19. Qxg3 Kh7 20. f4 Qxg3+ 21. Kxg3 Rg8+ 22. Kh2 Be3 23. Bxe6 fxe6 24. Nc4 Ba7 25. fxe5 d5 26. exd5 exd5 27. Nd2 Nxe5 28. d4 Ng6 29. Rf7+ Rg7 30. Raf1 Re8 31. Ng3 c5 32. dxc5 Bb8 33. Rxg7+ Kxg7 34. Kg2 Nh4+ 35. Kh2 Re2+ 0-1